000 01055nam a2200253Ia 4500
008 130821s2011 ck ao gr spa
020 _a9789589090206
040 _aCo-BoUCM
_bspa
041 0 0 _aspa
060 _aWB 320
245 1 0 _aEntrenamiento de fuerza con elásticos un soporte para personas en situación de discapacidad experiencia investigativa
_cElkin Eduardo Roldán Aguilar...[y otros autores]
260 _aMedellín (Antioquia, Colombia)
_bPolitécnico colombiano
_c2011
300 _a153 páginas
_bfotografías a color
504 _aIncluye bibliografía.
650 0 4 _aPersonas con discapacidades físicas
_921437
650 0 4 _aPlanes y programas de salud
_9336
650 0 4 _aRehabilitación
_xInvestigaciones
_9361
650 0 4 _aSalud pública
_98073
700 1 _aOrtega Monroy, Álvaro Fernando
_9160538
700 1 _aRoldán Aguilar, Elkin Eduardo
_9160539
700 1 _aSepúlveda Tamayo, Nicolás Antonio
_9160540
700 1 _aValencia Franco, John Alexander
_9160541
942 _cLIBRO
_a26
_e1
_mE612e
_2NLM
_hWB 320
_n0
999 _c40250
_d40250